Bytové domy BANISKO

Guardado en:
Detalles Bibliográficos
Autor principal: Martinec, Tomáš (Autor)
Otros Autores: Funtík, Tomáš (Orientador)
Formato: Manuscrito Libro
Lenguaje:eslovaco
Publicado: 2023
Materias:
Acceso en línea:http://is.stuba.sk/zp/portal_zp.pl?podrobnosti=169572
https://opac.crzp.sk/?fn=detailBiblioForm&sid=EC7951772ACC837B5D7EC2A56A1E
Etiquetas: Agregar Etiqueta
Sin Etiquetas, Sea el primero en etiquetar este registro!

MARC

LEADER 00000ntm a22000003a 4500
001 stuzp93778
003 SK-STU
005 20230919120212.8
007 ta
008 150427s2015----xo-----f-mn---000-0-slo-d
040 |a STU  |b slo 
041 0 |a slo 
100 1 |a Martinec, Tomáš  |u 010270  |4 aut  |U SvF Stavebná fakulta  |T SvF Katedra technológie stavieb  |X 98299  |U V270  |Y 28  |7 98299 
242 0 1 |a Residential complex BANISKO  |y eng 
245 1 0 |a Bytové domy BANISKO 
260 |c 2023 
650 4 |a bytový dom  |2 slo 
650 4 |a stavenisko  |2 slo 
650 4 |a zvislé nosné konštrukcie  |2 slo 
650 4 |a murovanie  |2 slo 
650 4 |a flat house  |2 eng 
650 4 |a construction site  |2 eng 
650 4 |a vertical supporting structures  |2 eng 
650 4 |a masonry  |2 eng 
700 1 |a Funtík, Tomáš  |u 010270  |k Z1  |4 ths  |U SvF Stavebná fakulta  |T SvF Katedra technológie stavieb  |X 22617  |U V270  |Y 28  |7 A000022617 
856 4 |u http://is.stuba.sk/zp/portal_zp.pl?podrobnosti=169572 
856 4 |u https://opac.crzp.sk/?fn=detailBiblioForm&sid=EC7951772ACC837B5D7EC2A56A1E